000 00755nam0a22002411 4500
001 rc\142728
005 20250620204839.0
010 _a5-87210-083-3
_9500
035 _a(NLR Aleph) 005413620
090 _a7400148
_c7400148
100 _a20030307d1996 |||y0rusy50 ca
101 0 _arus
102 _aRU
105 _aa |||||||||
200 1 _aКнига Памяти
_eРос. Федерация, Смол. обл.
_eРуднян. р-н
_f[Редкол.: Новиков А.Н. (пред.) и др.]
210 _aСмоленск
_cСмядынь
_d1996
215 _a581, [2] с.
_cил.
_d23
702 1 _aНовиков
_bА.Н.
_4340
801 0 _aRU
_bNLR
_gpsbo
801 1 _aRU
_bELAR
_2rusmarc
852 _aNLR
_bС
_jК-2/6974
942 _cBOOK
980 _aNB